VANITY - Bryant Barnes - Statistics

General Stats
  • This quiz has been taken 6 times
  • The average score is 4 of 7
Answer Stats
Songs Plays Artist(s) % Correct
Don't Want A Love Song 40,801,710 Bryant Barnes
83%
I'd Rather Pretend 128,320,731 Bryant Barnes
83%
Adore You 24,401,107 Bryant Barnes
67%
Universe 11,242,085 Bryant Barnes
50%
Don't Let It Be You 9,450,250 Bryant Barnes
33%
Give Me A Sign 25,106,704 Bryant Barnes
33%
Want You All The Time 20,091,751 Bryant Barnes
33%
No matching quizzes found
Score Distribution
Percent of People with Each Score
Percentile by Number Answered
Your Score History
You have not taken this quiz